000 00579nam a2200229Ia 4500
003 OSt
005 20220924134647.0
006 a|||||r|||| 00| 0
007 ta
008 220923b |||||||| |||| 00| 0 urd d
024 _a284195
037 _cTextual
040 _aARTS
_cARTS
_burd
041 _2urd
_aurd
082 _aO168vN47, P7
100 _aBasheer Ahmad Sayed
_9208965
245 0 _aSukhanwaran Hyderabad
260 _c2007
650 _aURDU LITERATURE
942 _hO168vN47, P7
_cTEXL
_2CC
999 _c438186
_d438186